000 00379nam a2200145Ia 4500
008 220120s9999||||xx |||||||||||||| ||und||
020 _a9780074602317
082 _a005.1 LEV
100 _aLevitin, Anany
245 0 _aIntroduction to Design and Analysis of Algorithms
250 _a2nd
260 _aPearson
_bNew Delhi
_c2011
300 _axi;282
_b375
650 _aMECHANICAL
999 _c132688
_d132688